| 000 | 00804pam a2200265 a 4500 | ||
|---|---|---|---|
| 999 |
_c4576 _d4576 |
||
| 001 | 4223439 | ||
| 003 | OSt | ||
| 005 | 20210501142652.0 | ||
| 008 | 820503s1982 nyua b 001 0 eng | ||
| 010 | _a 82009053 | ||
| 020 | _a0306408791 (pbk.) | ||
| 040 |
_aDLC _cDLC _dDLC |
||
| 043 | _an-us--- | ||
| 082 | 0 | 0 | _aWA305 A17e 1982 |
| 100 | 1 |
_aAcosta, Frank X.; Yamamoto, Joe; Evans, Leonard A. _99807 |
|
| 245 | 1 | 0 | _aEffective Psychotherapy for Low-income and Minority Patients |
| 260 |
_aNew York; _bPlenum Press, _c1982. |
||
| 300 |
_axviii, 164 p. : _bill. ; _c23 cm. |
||
| 504 | _aIncludes bibliographies and index. | ||
| 650 | 0 |
_aPoverty _99809 |
|
| 650 | 0 |
_aMental health _99810 |
|
| 650 | 0 |
_aPsychotherapy _99811 |
|
| 906 |
_a7 _bcbc _corignew _d1 _eocip _f19 _gy-gencatlg |
||
| 942 |
_2z _cO_SHELF |
||